| 000 | 00426nam a22001577a 4500 | ||
|---|---|---|---|
| 003 | NUST - PNEC | ||
| 005 | 20170116181034.0 | ||
| 008 | 150919b xxu||||| |||| 00| 0 eng d | ||
| 040 | _cLIBRARY | ||
| 082 | _a623.87 BUR | ||
| 100 |
_911289 _a Bureau of Naval Personnel |
||
| 245 |
_aPrinciples of naval engineering _c Bureau of Naval Personnel |
||
| 260 | _c1970 | ||
| 650 |
_97488 _aMarine engineering _xME |
||
| 942 |
_2ddc _cBK |
||
| 999 |
_c67861 _d67861 |
||